| 000 | 00950nam0a22002771 4500 | ||
|---|---|---|---|
| 001 | v19\rc\1696088 | ||
| 005 | 20250619025210.0 | ||
| 035 | _a(NLR Aleph) 004798894 | ||
| 090 |
_a4808002 _c4808002 |
||
| 100 | _a20061002e18971897|||y0rusy50 ca | ||
| 101 | 0 | _arus | |
| 102 | _aRU | ||
| 105 | _ay z ||||| | ||
| 200 | 1 |
_aК учению о голодании _e(О долгой жизни голодавших ежей) _f[Соч.] Проф. А.Н. Хорвата |
|
| 210 |
_a[Санкт-Петербург] _cтип. Я. Трей _dценз. 1897 |
||
| 215 |
_a5 с. _d31 |
||
| 309 | _aБез тит. л. и обл. | ||
| 311 | _aОтт. из "Врача" № 49 | ||
| 488 | 0 |
_12001#$aВрач$v№ 49 _tВрач |
|
| 700 | 1 |
_aХорват _bА.Н. _f1836- _gАлексей Николаевич |
|
| 801 | 0 |
_aRU _bNLR _gpsbo |
|
| 801 | 0 |
_aRU _bRuMoRGB _2psbo |
|
| 801 | 1 |
_aRU _bProSoft-M _2rusmarc |
|
| 852 |
_aNLR _j18.270.1.935 |
||
| 942 | _cBOOK | ||
| 980 | _aNB | ||